Дело о зачислении домашнему учителю, коллежскому регистратору Плинатусу некоторого времени в действительную государственную служ...

Доступно только в Электронных читальных залах Найти на картеНа карте
RUSMARC
00003762nmc2a2200000 x 450
00138613456-4dbe-4905-83a0-772c1b9c2089
00520171201191328.0
100##$a20160119l18921892k l0rusy0189 ca
1010#$arus
102##$aRU
2001#$aДело о зачислении домашнему учителю, коллежскому регистратору Плинатусу некоторого времени в действительную государственную службу
$j20 июня - 13 ноября 1892 г.
251##$cДело
300##$aДело
801#0$aRU
$bРГИА
$c20160119
$gRCR
801#1$aRU
$bГлавНИВЦ
$c20160119
$2rusmarc
801#2$aRU
$bПБ им. Б.Н. Ельцина
$c20171201
$gRCR
$2rusmarc
850##$aРГИА
852##$aРГИА
$eФедеральное казенное учреждение "Российский государственный исторический архив" (РГИА)
$j569
937##$hРГИА
$d12190378
$aASBIBLIO_SCAN
462#0$100192199c64-6874-4077-9f66-5b288fbc0ba4
$12001
$aДела Инспекторского разряда Департамента народного просвещения за 1887-1901 гг.
$1251
$cОпись
$1852
$j122
461#0$1001a74412a3-3cc5-4d21-8f0a-dfe2fbd9e72d
$12001
$aДепартамент народного просвещения Министерства народного просвещения (1803-1917)
$1251
$cФонд
$1852
$j733
215##$a12 л.
$d36,5х26 см
371##$aДокумент не является опубликованным и широко распространяемым
105##$ay###
1222#$ad
035##$a38613456-4dbe-4905-83a0-772c1b9c2089
856##$uhttp://readingroom.main.prlib.ru/item.aspx?id_node=n110770253&mode=full
Формат отображения